00951nam a2200265 a 450000100100000000500170001000800410002702000180006808200160008624501840010225000120028626000310029830000110032949000160034050000680035665000250042465000260044965000310047565000180050665000140052465000240053870000480056270000410061070000340065100003704120200120222302.0091013s2006 col0 gr0 0 000 d a958-704-473-804a986.1bH47t10aHistoria de Colombia : todo lo que hay que saber /cLuis Enrique Rodríguez Baquero...[et al]; prólogo: Carlos José Reyes Posada; diseño de cubierta: Ana María Sánchez. a1a. ed. aBogotá :bTaurus,c2006. a366 p. 0aPensamiento aEj.1 de Mosquera donado por la Biblioteca Nacional - PNLB 2012.14aHISTORIA DE COLOMBIA14aINDIGENAS COLOMBIANOS14aCONQUISTADORES ESPAÑOLES14aNUEVA GRANADA14aREPUBLICA14aCOLOMBIA - HISTORIA1 aRodríguez Baquero, Luis Enrique...[et al]1 aReyes Posada, Carlos José, pról.1 aSánchez, Ana María, dise.